Medieval islamic economic thought : (Record no. 346603)
[ view plain ]
| 000 -LEADER | |
|---|---|
| fixed length control field | 00874 a2200193 4500 |
| 020 ## - INTERNATIONAL STANDARD BOOK NUMBER | |
| International Standard Book Number | 0415297788 (hardcover) |
| 020 ## - INTERNATIONAL STANDARD BOOK NUMBER | |
| International Standard Book Number | 9780415297783 (hardcover) |
| 082 04 - DEWEY DECIMAL CLASSIFICATION NUMBER | |
| Classification number | 330.0882971 |
| 090 ## - LOCALLY ASSIGNED LC-TYPE CALL NUMBER (OCLC); LOCAL CALL NUMBER (RLIN) | |
| -- | 4151 |
| -- | 4151 |
| 100 1# - MAIN ENTRY--PERSONAL NAME | |
| Personal name | Ghazanfar, S.M. |
| 245 10 - TITLE STATEMENT | |
| Title | Medieval islamic economic thought : |
| Remainder of title | filling the great gap in european economics / |
| Statement of responsibility, etc. | S.M. Ghazanfar. |
| 260 ## - PUBLICATION, DISTRIBUTION, ETC. | |
| Place of publication, distribution, etc. | [S.l.] : |
| Name of publisher, distributor, etc. | Routledge, |
| Date of publication, distribution, etc. | 2003. |
| 300 ## - PHYSICAL DESCRIPTION | |
| Extent | 304 p. ; |
| Dimensions | 24 cm. |
| 490 1# - SERIES STATEMENT | |
| Series statement | Islamic studies series. |
| 520 ## - SUMMARY, ETC. | |
| Summary, etc. | This book is a collection of papers on the origins of economic thought discovered in the writings of some prominent Islamic scholars, roughly during the five centuries prior to the Latin Scholastics, like St. Thomas Aquinas. |
| 830 #0 - SERIES ADDED ENTRY--UNIFORM TITLE | |
| Uniform title | Islamic studies series. |
| 856 40 - ELECTRONIC LOCATION AND ACCESS | |
| Materials specified | Amazon.com |
| Uniform Resource Identifier | <a href="http://www.amazon.com/exec/obidos/ASIN/0415297788/chopaconline-20">http://www.amazon.com/exec/obidos/ASIN/0415297788/chopaconline-20</a> |
| 942 ## - ADDED ENTRY ELEMENTS (KOHA) | |
| Institution code [OBSOLETE] | NBS |
| Koha item type | Book |
| Call number prefix | 330.0882971 GHA |
| Withdrawn status | Lost status | Damaged status | Not for loan | Permanent Location | Current Location | Date acquired | Total Checkouts | Full call number | Barcode | Date last seen | Price effective from | Koha item type |
|---|---|---|---|---|---|---|---|---|---|---|---|---|
| Central Library (CL) | Central Library (CL) | 08/28/2013 | 330.0882971 GHA | NBS62184 | 08/28/2013 | 08/28/2013 | Book |
